Normal view
MARC view
Entry Personal Name
001 - CONTROL NUMBER
- control field: 167537
003 - CONTROL NUMBER IDENTIFIER
- control field: OSt
005 - DATE AND TIME OF LATEST TRANSACTION
- control field: 20220923223712.0
008 - FIXED-LENGTH DATA ELEMENTS
- fixed length control field: 220923|| aca||aabn | a|a d
040 ## - CATALOGING SOURCE
- Original cataloging agency: OSt
- Transcribing agency: OSt
100 ## - HEADING--PERSONAL NAME
- Personal name: राठौर, देवीसिंह; राठौर, हेमलता
670 ## - SOURCE DATA FOUND
- Source citation: Work cat.: (OSt)366814: राठौर, देवीसिंह; राठौर, हेमलता, हिन्दी पत्रकारिता की सैदÚांतिक पृष्ठभूमि, 2003
